| 000 | 00680cam a2200253 4500 | ||
|---|---|---|---|
| 008 | 090401t1998 xxu||||| |||| 00| 0 eng d | ||
| 020 | _a010297098X | ||
| 035 | _a(Sirsi) u86935 | ||
| 041 | _aeng | ||
| 050 | _a333.11 | ||
| 110 |
_aUnited Kingdom _bNational Audit Office _91350 |
||
| 245 | _aIdentifying and selling surplus property. | ||
| 260 |
_aLondon _bStationery Office _c1998 |
||
| 300 | _a96p. : ill. ; 30cm. | ||
| 350 | _a11.65 | ||
| 490 |
_aHCP _v776 |
||
| 650 | _aDEFENCE ESTATE | ||
| 650 | _aMINISTRY OF DEFENCE | ||
| 650 | _aPROPERTY DISPOSALS | ||
| 650 | _aSURPLUS PROPERTY | ||
| 690 | _aPROPERTY LAW AND PRACTICE | ||
| 942 | _n0 | ||
| 948 | _c22/06/1998 | ||
| 999 |
_c97193 _d97193 |
||